| 000 | 00837nam a2200253Ia 4500 | ||
|---|---|---|---|
| 003 | OSt | ||
| 005 | 20220928131950.0 | ||
| 006 | a|||||r|||| 00| 0 | ||
| 007 | ta | ||
| 008 | 220927b |||||||| |||| 00| 0 eng d | ||
| 024 | _a74113 | ||
| 037 | _cTextual | ||
| 040 |
_aSDCL _cSDCL _beng |
||
| 041 |
_2eng _aeng |
||
| 082 | _aQ127:24x, L5.2 | ||
| 100 |
_aAnandapurna Munindra Vidyasagara _9480704 |
||
| 245 | 0 |
_aNyayakalpalatika _b A commentary on the Brhadaranyak upanisad-bhaysavarttika.Ed by V Subrahmanya Sastri. |
|
| 260 |
_aTiruputi _bKendruja Sanskrit Vidyapitha _c1975 |
||
| 300 |
_axxx,1038p _ccm. |
||
| 490 |
_v2 _aKendriya Sanskrit Vidyapitha Series,24 |
||
| 650 |
_aBrhadaranyak Upanisad _9480705 |
||
| 942 |
_hQ127:24x, L5.2 _cTEXL _2CC |
||
| 999 |
_c793244 _d793244 |
||